00600 2200169 4500245005000000020002200050250001100072100002100083650001600104005001900120260002800139041001400167084000800181300002700189500020500216336000900421 aTitip Rindu untuk IbucEidelweis AlmirahText a978-602-1010-96-9 aCet. 1 aEidelweis Almira aNovel Fiksi a20231004131109 aJakartabEutheniac2015 aIndonesia a813 aiv, 164 hlm. :c19 cm. abetapa langkahmu kini tertatih dengan tubuh yang renta , maafkan aku yang tak kuasa untuk bisa menuntutmu setiap saat, terjaga ada , setia untukmu seperti dulu engkau begitu sabar melatihku berdiri ,. atext